Countries of the world by population 2025 - Statistics

General Stats
  • This quiz has been taken 1,165 times
  • The average score is 72 of 196
Answer Stats
Hint Answer % Correct
1,450,935,791 India
100%
1,419,321,278 China
99%
345,426,571 United States
98%
283,487,931 Indonesia
91%
251,269,164 Pakistan
87%
211,998,573 Brazil
85%
232,679,478 Nigeria
84%
144,820,423 Russia
82%
173,562,364 Bangladesh
81%
130,861,007 Mexico
80%
132,059,767 Ethiopia
77%
123,753,041 Japan
76%
116,538,258 Egypt
75%
84,552,242 Germany
72%
115,843,670 Philippines
72%
109,276,265 Democratic Republic of the Congo
70%
66,548,530 France
70%
69,138,192 United Kingdom
70%
91,567,738 Iran
69%
87,473,805 Turkey
69%
100,987,686 Vietnam
69%
59,342,867 Italy
68%
71,668,011 Thailand
66%
52,886,363 Colombia
65%
45,696,159 Argentina
61%
47,910,526 Spain
61%
64,007,187 South Africa
59%
68,560,157 Tanzania
59%
39,742,430 Canada
57%
56,432,944 Kenya
57%
38,539,201 Poland
57%
51,717,590 South Korea
57%
34,217,848 Peru
56%
54,500,091 Myanmar
54%
37,860,221 Ukraine
54%
28,405,543 Venezuela
53%
26,713,205 Australia
51%
50,448,963 Sudan
51%
496 Vatican City
50%
19,764,771 Chile
49%
18,135,478 Ecuador
48%
46,042,015 Iraq
48%
50,015,092 Uganda
48%
46,814,308 Algeria
47%
12,413,315 Bolivia
46%
42,647,492 Afghanistan
45%
38,631 Monaco
45%
33,581 San Marino
45%
18,406,359 Guatemala
44%
39,870 Liechtenstein
43%
81,938 Andorra
42%
19,015,088 Romania
42%
38,081,173 Morocco
41%
10,576,502 Papua New Guinea
41%
6,929,153 Paraguay
41%
37,885,849 Angola
40%
831,087 Guyana
40%
35,557,673 Malaysia
40%
11,947 Nauru
40%
18,228,742 Netherlands
40%
634,431 Suriname
40%
9,646 Tuvalu
40%
3,386,588 Uruguay
40%
10,979,783 Cuba
39%
5,213,944 New Zealand
39%
33,962,757 Saudi Arabia
39%
11,772,557 Haiti
38%
11,738,763 Belgium
37%
11,427,557 Dominican Republic
37%
10,825,703 Honduras
37%
17,695 Palau
37%
10,606,999 Sweden
37%
40,583,164 Yemen
37%
36,361,859 Uzbekistan
36%
393,396 Iceland
35%
37,548 Marshall Islands
35%
10,735,859 Czech Republic
34%
928,784 Fiji
34%
673,036 Luxembourg
34%
34,631,766 Mozambique
34%
6,916,140 Nicaragua
34%
10,425,292 Portugal
34%
282,467 Barbados
33%
5,129,910 Costa Rica
33%
539,607 Malta
33%
29,651,054 Nepal
33%
46,843 Saint Kitts and Nevis
33%
179,744 Saint Lucia
33%
100,616 Saint Vincent and the Grenadines
33%
819,198 Solomon Islands
33%
104,175 Tonga
33%
93,772 Antigua and Barbuda
32%
401,283 Bahamas
32%
6,338,193 El Salvador
32%
10,047,817 Greece
32%
2,839,175 Jamaica
32%
134,518 Kiribati
32%
26,498,823 North Korea
32%
4,515,577 Panama
32%
218,019 Samoa
32%
327,777 Vanuatu
32%
9,120,813 Austria
31%
417,072 Belize
31%
66,205 Dominica
31%
34,427,414 Ghana
31%
117,207 Grenada
31%
9,676,135 Hungary
31%
526,923 Micronesia
31%
130,418 Seychelles
30%
8,921,981 Switzerland
30%
24,672,760 Syria
30%
1,507,782 Trinidad and Tobago
30%
29,123,744 Cameroon
29%
31,934,230 Cote d'Ivoire
29%
20,592,571 Kazakhstan
29%
31,964,956 Madagascar
29%
638,479 Montenegro
29%
235,536 Sao Tome and Principe
29%
23,103,565 Sri Lanka
29%
17,638,801 Cambodia
28%
5,576,660 Norway
28%
23,213,962 Taiwan
28%
9,056,696 Belarus
27%
462,721 Brunei
27%
6,757,689 Bulgaria
27%
524,877 Cape Verde
27%
1,360,546 Estonia
27%
5,617,310 Finland
27%
27,032,412 Niger
27%
6,736,216 Serbia
27%
5,977,412 Denmark
26%
5,255,017 Ireland
26%
1,871,871 Latvia
26%
24,478,595 Mali
26%
2,118,697 Slovenia
26%
866,628 Comoros
25%
3,875,325 Croatia
25%
1,772,128 Kosovo
25%
2,859,110 Lithuania
25%
5,506,760 Slovakia
25%
2,791,765 Albania
24%
3,164,253 Bosnia and Herzegovina
24%
23,548,781 Burkina Faso
24%
21,655,286 Malawi
24%
1,823,009 North Macedonia
24%
21,314,956 Zambia
24%
527,799 Maldives
23%
3,034,961 Moldova
23%
19,009,151 Somalia
23%
11,027,129 United Arab Emirates
23%
20,299,123 Chad
22%
1,168,722 Djibouti
22%
9,387,021 Israel
22%
7,769,819 Laos
22%
1,271,169 Mauritius
22%
18,501,984 Senegal
22%
10,336,577 Azerbaijan
21%
791,524 Bhutan
21%
11,552,876 Jordan
21%
14,256,567 Rwanda
21%
14,462,724 Benin
20%
14,047,786 Burundi
20%
1,242,822 Eswatini
20%
5,832,387 Singapore
20%
11,943,408 South Sudan
20%
10,590,927 Tajikistan
20%
12,277,109 Tunisia
20%
16,634,373 Zimbabwe
20%
1,607,049 Bahrain
19%
14,754,785 Guinea
19%
1,358,282 Cyprus
18%
1,400,638 East Timor
18%
7,186,009 Kyrgyzstan
18%
5,805,962 Lebanon
18%
3,048,423 Qatar
18%
9,515,236 Togo
18%
7,494,498 Turkmenistan
18%
1,892,516 Equatorial Guinea
17%
3,807,670 Georgia
17%
2,337,423 Lesotho
17%
7,381,023 Libya
17%
2,973,840 Armenia
16%
2,759,988 Gambia
16%
2,201,352 Guinea-Bissau
16%
4,934,507 Kuwait
16%
3,030,131 Namibia
16%
5,281,538 Oman
16%
2,521,139 Botswana
15%
2,538,952 Gabon
15%
3,475,540 Mongolia
15%
6,332,961 Republic of the Congo
15%
8,642,022 Sierra Leone
15%
3,535,603 Eritrea
14%
5,330,690 Central African Republic
13%
5,612,817 Liberia
13%
5,169,395 Mauritania
13%
No matching quizzes found
Score Distribution
Percent of People with Each Score
Percentile by Number Answered
Your Score History
You have not taken this quiz